Izolácia a charakterizácia mikroskopických vláknitých húb z lignitu

Saved in:
Bibliographic Details
Main Author: Olejníková, Petra, 1978-
Format: Book
Language:Slovak
Published: Bratislava STU FCHPT 2010
Online Access:View in OPAC
Tags: Add Tag
No Tags, Be the first to tag this record!

MARC

LEADER 00000nam a2200000 a 4500
005 20260127134319.0
008 110204 2009 xo 000 0 slo d
035 |a vtls010209044 
039 9 |a 202008051941  |b AUTHORITY  |c 202008051925  |d AUTHORITY  |c 202008051901  |d AUTHORITY  |y 201102041201  |z mschk03 
040 |a STUSCHK1  |b slo  |c STUSCHK1  |e AACR2 
100 1 |a Olejníková, Petra,  |d 1978- 
245 1 |a Izolácia a charakterizácia mikroskopických vláknitých húb z lignitu  |c Petra Olejníková 
260 |a Bratislava  |b STU FCHPT  |c 2010 
300 |a 150 s.  |b il.  |c 30 cm 
500 |a Dizertačná práca 
500 |a Obháj.: 16.9. 2009 
500 |a Fakulta chemickej a potravinárskej technológie 
910 |a SCHK95 
999 |c 9543  |d 9543